[Event "Wch Rapid (Women)"]
[Site "St Petersburg"]
[Date "2018.12.28"]
[Round "12"]
[White "Bogumil, Tatiana"]
[Black "Sukhareva, Evgenia"]
[Result "0-1"]
[WhiteElo "2114"]
[BlackElo "2126"]
[PlyCount "74"]
[EventDate "2018.12.26"]
[EventType "swiss (rapid)"]
[EventRounds "12"]
[EventCountry "RUS"]
[SourceTitle "CBM 187 Extra"]
[Source "ChessBase"]
[SourceDate "2018.11.04"]
[SourceVersion "1"]
[SourceVersionDate "2018.11.04"]
[SourceQuality "1"]

1. Nf3 Nf6 2. c4 e6 3. b3 b6 4. g3 Bb7 5. Bg2 c5 6. Bb2 d6 7. d4 cxd4 8. Qxd4 Be7 9. 0-0 Qc7 10. Nc3 a6 11. Rac1 Nbd7 12. e4 0-0 13. h3 Rfd8 14. Qe3 Rac8 15. g4 Ne5 16. Nd4 Qb8 17. f4 Nc6 18. Nce2 Re8 19. g5 Nd7 20. Nf3 Bf8 21. Kh2 b5 22. Ng3 Qa8 23. Rfd1 Nc5 24. cxb5 axb5 25. a3 b4 26. a4 Na5 27. Nd2 d5 28. Bd4 Nxe4 29. Ndxe4 dxe4 30. Nxe4 Bd5 31. Rb1 Rc2 32. Rb2 Rec8 33. Rd2 Rxd2 34. Rxd2 Nxb3 35. Rb2 Nxd4 36. Qxd4 b3 37. Nd2 Bxg2 0-1

[Event "Wch Rapid (Women)"]
[Site "St Petersburg"]
[Date "2018.12.27"]
[Round "6"]
[White "Nechaeva, Marina"]
[Black "Sukhareva, Evgenia"]
[Result "1-0"]
[WhiteElo "2408"]
[BlackElo "2126"]
[PlyCount "111"]
[EventDate "2018.12.26"]
[EventType "swiss (rapid)"]
[EventRounds "12"]
[EventCountry "RUS"]
[SourceTitle "CBM 187 Extra"]
[Source "ChessBase"]
[SourceDate "2018.11.04"]
[SourceVersion "1"]
[SourceVersionDate "2018.11.04"]
[SourceQuality "1"]

1. d4 Nf6 2. c4 e6 3. Nc3 c5 4. d5 exd5 5. cxd5 d6 6. e4 a6 7. h3 g6 8. Bd3 Bg7 9. Nf3 0-0 10. 0-0 b5 11. Bf4 Ne8 12. Rc1 Nd7 13. Re1 Qe7 14. Qd2 Bb7 15. a3 Rc8 16. b4 c4 17. Bc2 Ne5 18. Nxe5 Bxe5 19. Bxe5 dxe5 20. a4 Nd6 21. Ra1 Ra8 22. Reb1 Rfb8 23. Qe3 f5 24. exf5 gxf5 25. Re1 Re8 26. axb5 axb5 27. Rxa8 Bxa8 28. Qb6 Qd7 29. Ra1 Bb7 30. Ra7 Re7 31. Qc5 Kh8 32. Ra5 Rg7 33. Nxb5 Ne8 34. Nc3 f4 35. Qf8+ Rg8 36. Qf5 Qg7 37. Be4 Nd6 38. Qg4 Qf7 39. Qf3 Nxe4 40. Qxe4 Qf6 41. Ra7 Rg7 42. b5 f3 43. g3 Qb6 44. Qe3 Qd4 45. Kh2 Bxd5 46. Rxg7 Kxg7 47. Nxd5 Qxd5 48. b6 Kg6 49. g4 e4 50. Qf4 Qc6 51. Qf5+ Kg7 52. Qe5+ Kg6 53. Qc7 Qd5 54. b7 Qd2 55. Qb6+ Kg7 56. b8Q 1-0